Analysis of electric circuits (Record no. 545527)
[ view plain ]
| 000 -LEADER | |
|---|---|
| fixed length control field | 00632cam a22001691 4500 |
| 082 00 - DEWEY DECIMAL CLASSIFICATION NUMBER | |
| Classification number | 621.3192 |
| Author Mark | BRE |
| -- | L-10, P-28 |
| 245 00 - TITLE STATEMENT | |
| Title | Analysis of electric circuits |
| Statement of responsibility, etc. | [by] G. Zeveke [and others] Translated from the Russian by Boris Kuznetsov. |
| 260 ## - PUBLICATION, DISTRIBUTION, ETC. | |
| Place of publication, distribution, etc. | Moscow, |
| Name of publisher, distributor, etc. | Mir Publishers, |
| Date of publication, distribution, etc. | c1959. |
| 300 ## - PHYSICAL DESCRIPTION | |
| Extent | xv, 703 p. |
| Other physical details | illus. |
| Dimensions | 23 cm. |
| 500 ## - GENERAL NOTE | |
| General note | "Revised from the 1965 Russian edition." |
| 500 ## - GENERAL NOTE | |
| General note | Translation of Osnovy teorii t︠s︡epeĭ. |
| 526 ## - STUDY PROGRAM INFORMATION NOTE | |
| Program name | 0 |
| Interest level | 0 |
| Reading level | 0 |
| Title point value | 621_319200000000000_BRE |
| 650 #0 - SUBJECT ADDED ENTRY--TOPICAL TERM | |
| Topical term or geographic name entry element | Electric circuit analysis. |
| 9 (RLIN) | 2075 |
| 650 #0 - SUBJECT ADDED ENTRY--TOPICAL TERM | |
| Topical term or geographic name entry element | MCE |
| 9 (RLIN) | 379 |
| 700 1# - ADDED ENTRY--PERSONAL NAME | |
| Personal name | Zeveke, Georgiĭ Vasilʹevich. |
| 9 (RLIN) | 41419 |
| 942 ## - ADDED ENTRY ELEMENTS (KOHA) | |
| Source of classification or shelving scheme | |
| Koha item type | Book |
| Withdrawn status | Lost status | Source of classification or shelving scheme | Damaged status | Not for loan | Permanent Location | Current Location | Date acquired | Total Checkouts | Full call number | Barcode | Date last seen | Price effective from | Koha item type |
|---|---|---|---|---|---|---|---|---|---|---|---|---|---|
| Military College of Engineering (MCE) | Military College of Engineering (MCE) | 05/26/2014 | 621.3192 BRE | MCE-2327 | 05/26/2014 | 05/26/2014 | Book |
